El aprendizaje en los Estados miembros de la UE: una comparación
Enregistré dans:
| Auteur principal: | |
|---|---|
| Format: | Livre |
| Langue: | espagnol |
| Publié: |
Luxemburgo
CEDEFOP
1995
|
| Collection: | CEDEFOP Documento
|
| Sujets: | |
| Tags: |
Ajouter un tag
Pas de tags, Soyez le premier à ajouter un tag!
|
MARC
| LEADER | 00000nam a2200000 a 4500 | ||
|---|---|---|---|
| 001 | UCL6413 | ||
| 003 | CL-VaPUC | ||
| 008 | 040402e19950000LU |||||||||||||||||spa|d | ||
| 020 | |a 9282742644 | ||
| 082 | 0 | 4 | |a 337.142 |b NIC |2 21 |
| 100 | |a Ni Cheallaigh, Martina |e autora |9 484106 | ||
| 245 | 1 | 3 | |a El aprendizaje en los Estados miembros de la UE: una comparación |
| 300 | |a 91 p | ||
| 942 | |c BK | ||
| 945 | |d 20040402 00:00:00 |a cmena | ||
| 260 | |a Luxemburgo |b CEDEFOP |c 1995 | ||
| 600 | 0 | 7 | |a UNION EUROPEA |2 CL-VaPUC |9 320734 |
| 650 | 0 | |a Evaluación de la educación |9 237505 | |
| 650 | 0 | |a Tratados internacionales |9 256056 | |
| 650 | 0 | |a Estado y educación |9 311264 | |
| 583 | |a last modification |c 20040402 00:00:00 |k Rodrigo Vera | ||
| 490 | 0 | |a CEDEFOP Documento | |
| 999 | |c 308522 |d 308520 | ||
| 952 | |0 0 |1 0 |4 0 |6 337_142000000000000_NIC_1995 |7 0 |8 A |9 375097 |a BIBHIS |b BIBHIS |d 2019-11-21 |i 3925730 |o 337.142 NIC 1995 |p 3925730 |r 2025-01-20 |w 2019-11-21 |y BK |k HIS | ||